Le néerlandais pratique / (Record no. 133554)

MARC details
000 -LEADER
campo de control de longitud fija 00941nam a2200301 i 4500
001 - NÚMERO DE CONTROL
campo de control 133554
003 - IDENTIFICADOR DE NÚMERO DE CONTROL
campo de control ES-MaACL
005 - FECHA Y HORA DE LA ÚLTIMA TRANSACCIÓN
campo de control 20230906194441.0
007 - CAMPO FIJO DE DESCRIPCIÓN FÍSICA--INFORMACIÓN GENERAL
campo de control de longitud fija t|
008 - DATOS DE LONGITUD FIJA--INFORMACIÓN GENERAL
campo de control de longitud fija 070821s1989 be ||||1| fre d
020 ## - NÚMERO INTERNACIONAL ESTÁNDAR DEL LIBRO
Número Internacional Estándar del Libro 2-87088-698-5
080 ## - NÚMERO DE LA CLASIFICACIÓN DECIMAL UNIVERSAL
Número de la Clasificación Decimal Universal 811.112.5
100 1# - ENTRADA PRINCIPAL--NOMBRE DE PERSONA
Nombre de persona Lejeune, Daniel.
9 (RLIN) 71420
245 13 - MENCIÓN DEL TÍTULO
Título Le néerlandais pratique /
Mención de responsabilidad, etc. Daniel Lejeune , Ria Lenaerts , Etienne Saintelet ; coordination Jean-Marie Wiele.
250 ## - MENCION DE EDICION
Mención de edición Nouvelle ed.
260 ## - PUBLICACIÓN, DISTRIBUCIÓN, ETC.
Lugar de publicación, distribución, etc. Bruxelles :
Nombre del editor, distribuidor, etc. Didier Hatier,
Fecha de publicación, distribución, etc. [1989]
300 ## - DESCRIPCIÓN FÍSICA
Extensión 223 p. ;
Dimensiones 20 cm.
490 1# - MENCIÓN DE SERIE
Mención de serie Collection Bescherelle
500 ## - NOTA GENERAL
Nota general Biblioteca Jacinto Martínez Lacalle.
500 ## - NOTA GENERAL
Nota general Indice.
650 #4 - PUNTO DE ACCESO ADICIONAL DE MATERIA--TÉRMINO DE MATERIA
Término de materia o nombre geográfico como elemento de entrada Lengua holandesa.
9 (RLIN) 14262
700 1# - ENTRADA AGREGADA--NOMBRE PERSONAL
Nombre de persona Lenaerts, ria.
9 (RLIN) 71507
700 1# - ENTRADA AGREGADA--NOMBRE PERSONAL
Nombre de persona Saintelet, Etienne.
9 (RLIN) 101561
700 1# - ENTRADA AGREGADA--NOMBRE PERSONAL
Nombre de persona Wiele, Jean-Marie.
9 (RLIN) 116765
830 0# - PUNTO DE ACCESO ADICIONAL DE SERIE-TÍTULO UNIFORME
Título uniforme Collection Bescherelle
9 (RLIN) 186938
852 ## - LOCALIZACIÓN
Ubicación ES-MaACL
Número de control de estantería E-11981
Sublocalización o colección R.139894
Holdings
Estatus retirado Estado de pérdida Estado de daño No para préstamo Biblioteca de origen Biblioteca actual Ubicación en estantería Fecha de adquisición Fuente de adquisición Total de préstamos Signatura topográfica completa Código de barras Visto por última vez Precio de reemplazo Tipo de ítem Koha
        Biblioteca del Ateneo de Madrid Biblioteca del Ateneo de Madrid Depósito 2 17/01/2008     E-11981 1139033 23/02/2023 23/02/2023 Libro impreso